[Event "Marienbad Open 2022 - B3 IM Round Robin"]
[Site "Continental hotel, Marianske Lazne"]
[Date "2022.01.17"]
[Round "3"]
[Board "1"]
[White "Dev, Shah"]
[Black "Jasny, Stanislav"]
[Result "1/2-1/2"]
[WhiteElo "2248"]
[BlackElo "2299"]
[PlyCount "67"]
[EventDate "2022.01.15"]
[EventRounds "9"]
[EventCountry "CZE"]

1. d4 d6 2. g3 g6 3. Bg2 Bg7 4. Nf3 Nd7 5. c4 e5 6. Nc3 Ne7 7. e4 exd4 8. Nxd4
Nc6 9. Nxc6 bxc6 10. f4 O-O 11. Be3 Rb8 12. Qd2 Nb6 13. b3 c5 14. O-O Bb7 15.
Rad1 Qe7 16. Rfe1 Rbd8 17. Nd5 Nxd5 18. cxd5 c6 19. dxc6 Bxc6 20. e5 dxe5 21.
Qf2 Rxd1 22. Rxd1 Qb7 23. fxe5 Bxg2 24. Qxg2 Qxg2+ 25. Kxg2 Bxe5 26. Bxc5 Rc8
27. Rd5 f6 28. b4 a6 29. a4 Kf7 30. Rd7+ Ke6 31. Rxh7 a5 32. Kf3 axb4 33. Bxb4
Rc4 34. Rb7  1/2-1/2

[Event "Marienbad Open 2022 - B3 IM Round Robin"]
[Site "Continental hotel, Marianske Lazne"]
[Date "2022.01.17"]
[Round "3"]
[Board "2"]
[White "Krawczyk, Flawian"]
[Black "Mica, Marek"]
[Result "1/2-1/2"]
[WhiteElo "2161"]
[BlackElo "2305"]
[PlyCount "150"]
[EventDate "2022.01.15"]
[EventRounds "9"]
[EventCountry "CZE"]

1. d4 Nf6 2. c4 e6 3. Nf3 d5 4. g3 Bd6 5. Bg2 h6 6. O-O O-O 7. Qc2 Nc6 8. Nc3
dxc4 9. e4 e5 10. d5 Nb4 11. Qe2 Nd3 12. Nd2 b6 13. Nxc4 Nxc1 14. Rfxc1 Ba6 15.
a4 Bxc4 16. Qxc4 a5 17. Nb5 Bc5 18. Qe2 Qe7 19. Bh3 Ne8 20. Rc2 Nd6 21. Rf1 g6
22. Nxd6 cxd6 23. Qd3 Kg7 24. Kh1 Rae8 25. Re2 h5 26. f4 Qf6 27. f5 g5 28. g4
Rh8 29. Rg2 Rh6 30. gxh5 Rxh5 31. Bg4 Rh4 32. Rf3 Reh8 33. h3 R8h6 34. Kh2 Kf8
35. Qb5 Qe7 36. Qc6 f6 37. Qc8+ Kg7 38. Rfg3 Rh8 39. Qa6 Qd7 40. Qb5 Qxb5 41.
axb5 a4 42. Rc3 Ra8 43. Rgc2 Kf7 44. Kg2 Ke8 45. Kf1 Kd7 46. Kg2 Ra5 47. b4
axb3 48. Rxb3 Ra4 49. Rbb2 Rh8 50. Ra2 Ra5 51. Rxa5 bxa5 52. Rc4 Rb8 53. Bd1
Kc7 54. Ba4 Rh8 55. Rc3 Rh4 56. Rc4 Kb6 57. Kg3 Rf4 58. Kg2 Kc7 59. Kg3 Kd8 60.
Bc2 Ke7 61. Bd3 Rh4 62. Bc2 Kd7 63. Ba4 Kd8 64. Bc2 Ke7 65. Ba4 Rf4 66. Bc2 Rh4
67. Ba4 Kd8 68. Bc2 Kd7 69. Ba4 Kc8 70. Bc2 Kb8 71. Ba4 Ka8 72. Bc2 Ka7 73. Ba4
Kb6 74. Kg2 Rf4 75. Kg3 Rh4  1/2-1/2

[Event "Marienbad Open 2022 - B3 IM Round Robin"]
[Site "Continental hotel, Marianske Lazne"]
[Date "2022.01.17"]
[Round "3"]
[Board "3"]
[White "Hollan, Martin"]
[Black "Kantorik, Marian"]
[Result "1-0"]
[WhiteElo "2362"]
[BlackElo "2209"]
[PlyCount "119"]
[EventDate "2022.01.15"]
[EventRounds "9"]
[EventCountry "CZE"]

1. e4 e6 2. d4 d5 3. Nd2 f5 4. e5 Nh6 5. Ngf3 Nf7 6. c4 c6 7. Bd3 b6 8. O-O Be7
9. Rb1 a5 10. a3 O-O 11. b4 axb4 12. axb4 dxc4 13. Bxc4 b5 14. Bd3 Ra4 15. Bc2
Ra8 16. Qe2 Na6 17. Ba3 Nc7 18. Rb3 Nd5 19. Rd1 Ra4 20. g4 Bxb4 21. Bxb4 Nxb4
22. Rxb4 Rxb4 23. gxf5 Rb2 24. Qd3 exf5 25. Qc3 Rxc2 26. Qxc2 Qd5 27. Ra1 Nd8
28. Ra7 Ne6 29. Qb3 Qd8 30. Qb4 Rf7 31. Ra8 Rf8 32. Qd6 Qe8 33. Nb3 Qg6+ 34.
Kf1 f4 35. Qxc6 Qd3+ 36. Kg2 Qg6+ 37. Kf1 Qd3+ 38. Kg2 Qg6+ 39. Kh1 Qb1+ 40.
Ng1 Qxb3 41. Rxc8 Rxc8 42. Qxc8+ Nf8 43. Qc6 Qc4 44. Qxc4+ bxc4 45. Kg2 Ne6 46.
Ne2 g5 47. Kf3 h5 48. Ke4 Kf7 49. Nc3 f3 50. d5 Nc5+ 51. Kf5 g4 52. e6+ Ke7 53.
Nb5 Nb7 54. Ke5 h4 55. Kf4 Nd6 56. Nc3 Kf6 57. Kxg4 Ke5 58. e7 Ne8 59. Kxf3 Kd4
60. d6  1-0

[Event "Marienbad Open 2022 - B3 IM Round Robin"]
[Site "Continental hotel, Marianske Lazne"]
[Date "2022.01.17"]
[Round "3"]
[Board "4"]
[White "Pourquet, Matthieu"]
[Black "Schmider, Niklas"]
[Result "0-1"]
[WhiteElo "2201"]
[BlackElo "2330"]
[PlyCount "60"]
[EventDate "2022.01.15"]
[EventRounds "9"]
[EventCountry "CZE"]

1. c4 Nf6 2. Nf3 e6 3. g3 d5 4. Bg2 Be7 5. O-O O-O 6. d4 dxc4 7. Na3 Bxa3 8.
bxa3 Bd7 9. a4 Bc6 10. Ba3 Re8 11. Qc2 Nbd7 12. Rac1 a5 13. Qxc4 Nb6 14. Qc3
Nfd5 15. Qd2 Bxa4 16. Rc5 c6 17. e4 Nf6 18. Qf4 Bb5 19. Rfc1 Na4 20. Re5 Rc8
21. h4 Ba6 22. Bh3 b5 23. Bc5 Nd7 24. Rg5 Naxc5 25. dxc5 h6 26. Rd1 hxg5 27.
hxg5 Qe7 28. g6 Nf8 29. Ng5 Nxg6 30. Qg4 Ne5  0-1

[Event "Marienbad Open 2022 - B3 IM Round Robin"]
[Site "Continental hotel, Marianske Lazne"]
[Date "2022.01.17"]
[Round "3"]
[Board "5"]
[White "Mannion, Stephen R"]
[Black "Bubalovic, Davorin"]
[Result "0-1"]
[WhiteElo "2271"]
[BlackElo "2220"]
[PlyCount "78"]
[EventDate "2022.01.15"]
[EventRounds "9"]
[EventCountry "CZE"]

1. e4 c5 2. Nf3 d6 3. d4 cxd4 4. Nxd4 Nf6 5. Nc3 a6 6. Bd3 e5 7. Nde2 b5 8. Bg5
Be7 9. a4 b4 10. Bxf6 Bxf6 11. Nd5 Nc6 12. O-O O-O 13. Nxf6+ Qxf6 14. Qd2 Be6
15. b3 Rfd8 16. f4 exf4 17. Nxf4 Qd4+ 18. Kh1 Ne5 19. Rad1 Qc5 20. Be2 a5 21.
Nd3 Qc7 22. h3 Rac8 23. Rc1 Qb6 24. Rfd1 h6 25. Qf4 Ng6 26. Qg3 Rc3 27. Bg4
Bxg4 28. Qxg4 Qc7 29. Rd2 Re8 30. Qf5 Re6 31. Qd5 Rf6 32. Re2 Kh7 33. Qd4 Ne5
34. Rd2 Nxd3 35. Rxd3 Rxc2 36. Rxc2 Qxc2 37. Kh2 Rg6 38. Rg3 Rxg3 39. Kxg3 Qc3+
 0-1

[Event "Marienbad Open 2022 - B3 IM Round Robin"]
[Site "Continental hotel, Marianske Lazne"]
[Date "2022.01.18"]
[Round "4"]
[Board "1"]
[White "Jasny, Stanislav"]
[Black "Bubalovic, Davorin"]
[Result "1/2-1/2"]
[WhiteElo "2299"]
[BlackElo "2220"]
[PlyCount "35"]
[EventDate "2022.01.15"]
[EventRounds "9"]
[EventCountry "CZE"]

1. e4 c5 2. Nf3 d6 3. d4 cxd4 4. Nxd4 Nf6 5. Nc3 a6 6. Be2 e5 7. Nb3 Be7 8. O-O
O-O 9. Re1 Be6 10. Bf3 Qc7 11. a4 Rc8 12. Be3 Nbd7 13. a5 h6 14. h3 Bf8 15. Re2
b5 16. axb6 Nxb6 17. Na5 Rab8 18. Rd2  1/2-1/2

[Event "Marienbad Open 2022 - B3 IM Round Robin"]
[Site "Continental hotel, Marianske Lazne"]
[Date "2022.01.18"]
[Round "4"]
[Board "2"]
[White "Schmider, Niklas"]
[Black "Mannion, Stephen R"]
[Result "1/2-1/2"]
[WhiteElo "2330"]
[BlackElo "2271"]
[PlyCount "55"]
[EventDate "2022.01.15"]
[EventRounds "9"]
[EventCountry "CZE"]

1. e4 e5 2. Nf3 Nc6 3. Bb5 a6 4. Ba4 Nf6 5. O-O Be7 6. Re1 b5 7. Bb3 d6 8. c3
O-O 9. h3 Bb7 10. d4 Nd7 11. Nbd2 exd4 12. cxd4 Bf6 13. Nf1 Na5 14. Bc2 Re8 15.
Ng3 g6 16. Rb1 c5 17. d5 Nc4 18. b3 Ncb6 19. Bf4 Ne5 20. Nh2 b4 21. Be3 a5 22.
f4 Ned7 23. Bd3 a4 24. Nf3 axb3 25. axb3 Ra2 26. Bf2 Bg7 27. Bb5 Qa8 28. Nf1
 1/2-1/2

[Event "Marienbad Open 2022 - B3 IM Round Robin"]
[Site "Continental hotel, Marianske Lazne"]
[Date "2022.01.18"]
[Round "4"]
[Board "3"]
[White "Kantorik, Marian"]
[Black "Pourquet, Matthieu"]
[Result "1-0"]
[WhiteElo "2209"]
[BlackElo "2201"]
[PlyCount "87"]
[EventDate "2022.01.15"]
[EventRounds "9"]
[EventCountry "CZE"]

1. d4 Nf6 2. c4 e6 3. Nc3 Bb4 4. e3 Bxc3+ 5. bxc3 b6 6. Bd3 Bb7 7. Nf3 d6 8.
O-O c5 9. Qc2 Nc6 10. a3 Qe7 11. e4 e5 12. d5 Na5 13. Nh4 g6 14. g3 Nd7 15. Ng2
Ba6 16. Ne3 h5 17. Rb1 O-O-O 18. Qe2 h4 19. g4 h3 20. Kh1 Nf6 21. Rg1 Nh7 22.
Rg3 Ng5 23. Nc2 f6 24. Bd2 Kb8 25. Ne3 Rdf8 26. Qf1 Qd7 27. Qd1 Rh7 28. Qc2 Rh4
29. Qd1 Nf7 30. Qc2 Bc8 31. Qd1 Qe8 32. Bc2 Bd7 33. Qf1 Ng5 34. Qd1 Nf7 35. Qf1
Rfh8 36. Qd1 Nh6 37. Qe2 Qc8 38. Rbg1 Rf8 39. f3 f5 40. gxf5 gxf5 41. Rg6 Nb7
42. Be1 Rh5 43. f4 Ng4 44. Nxf5  1-0

[Event "Marienbad Open 2022 - B3 IM Round Robin"]
[Site "Continental hotel, Marianske Lazne"]
[Date "2022.01.18"]
[Round "4"]
[Board "4"]
[White "Mica, Marek"]
[Black "Hollan, Martin"]
[Result "0-1"]
[WhiteElo "2305"]
[BlackElo "2362"]
[PlyCount "102"]
[EventDate "2022.01.15"]
[EventRounds "9"]
[EventCountry "CZE"]

1. d4 Nf6 2. c4 g6 3. Nc3 Bg7 4. Nf3 O-O 5. e4 d6 6. Be2 Na6 7. h3 e5 8. d5 Nc5
9. Qc2 a5 10. Be3 b6 11. Nd2 Nh5 12. Bxh5 gxh5 13. O-O-O f5 14. exf5 Bxf5 15.
Nde4 Nxe4 16. Nxe4 a4 17. a3 Bg6 18. f3 Qd7 19. Kb1 b5 20. c5 b4 21. c6 b3 22.
Qc4 Bxe4+ 23. Qxe4 Qf5 24. Kc1 Qf6 25. Kd2 Bh6 26. g3 h4 27. Rhg1 Kh8 28. f4
Rae8 29. Kd3 exf4 30. Bd4 Rxe4 31. Bxf6+ Rxf6 32. Kxe4 fxg3 33. Rdf1 Rxf1 34.
Rxf1 Bg7 35. Rb1 g2 36. Kf3 Bxb2 37. Kxg2 Bxa3 38. Re1 Bb4 39. Re8+ Kg7 40.
Re7+ Kg6 41. Rxc7 b2 42. Rg7+ Kxg7 43. c7 b1=Q 44. c8=Q Qe4+ 45. Kh2 Qe5+ 46.
Kg2 Qxd5+ 47. Kh2 Qe5+ 48. Kh1 Bc5 49. Qb7+ Kh6 50. Qb1 Qe3 51. Qf1 Qg1+  0-1

[Event "Marienbad Open 2022 - B3 IM Round Robin"]
[Site "Continental hotel, Marianske Lazne"]
[Date "2022.01.18"]
[Round "4"]
[Board "5"]
[White "Dev, Shah"]
[Black "Krawczyk, Flawian"]
[Result "1/2-1/2"]
[WhiteElo "2248"]
[BlackElo "2161"]
[PlyCount "124"]
[EventDate "2022.01.15"]
[EventRounds "9"]
[EventCountry "CZE"]

1. d4 Nf6 2. c4 g6 3. Nc3 Bg7 4. Nf3 O-O 5. g3 d6 6. Bg2 Nc6 7. O-O e5 8. dxe5
dxe5 9. Bg5 Be6 10. Qc1 Qc8 11. Rd1 Nd7 12. Nd5 f6 13. Bh6 Re8 14. Bxg7 Kxg7
15. Qc3 Nd8 16. e4 c6 17. Ne3 Nf7 18. Ne1 Qc7 19. Nd3 Rad8 20. f4 Nf8 21. Rd2
exf4 22. gxf4 Rxd3 23. Rxd3 Qxf4 24. Rf1 Qe5 25. Qd2 Ng5 26. Qf2 Nh3+ 27. Bxh3
Bxh3 28. Ng2 Bxg2 29. Qxg2 Qxe4 30. Qxe4 Rxe4 31. Rb3 Re7 32. c5 f5 33. Rd1 Kf6
34. Rbd3 Ne6 35. Rd6 Kf7 36. b4 g5 37. Rd7 h5 38. Kf2 f4 39. Rxe7+ Kxe7 40. Kf3
g4+ 41. Ke4 h4 42. Kf5 g3 43. hxg3 hxg3 44. Kg4 Kf6 45. Rb1 Ke5 46. Re1+ Kd5
47. Kf3 a6 48. a3 Nd4+ 49. Kg2 Nf5 50. Kf3 Ne3 51. Rh1 g2 52. Rh5+ Kc4 53. Rg5
Nc2 54. Kxf4 Nxa3 55. Rxg2 Kxb4 56. Rb2+ Kxc5 57. Rxb7 Nb5 58. Ke3 Kb4 59. Rb6
a5 60. Rxc6 a4 61. Ra6 a3 62. Rxa3 Nxa3  1/2-1/2

[Event "Marienbad Open 2022 - B3 IM Round Robin"]
[Site "Continental hotel, Marianske Lazne"]
[Date "2022.01.18"]
[Round "5"]
[Board "1"]
[White "Krawczyk, Flawian"]
[Black "Jasny, Stanislav"]
[Result "1/2-1/2"]
[WhiteElo "2161"]
[BlackElo "2299"]
[PlyCount "53"]
[EventDate "2022.01.15"]
[EventRounds "9"]
[EventCountry "CZE"]

1. e4 g6 2. d4 Bg7 3. Nc3 d6 4. Be3 a6 5. Nf3 b5 6. a3 Bb7 7. Bd3 Nd7 8. a4 b4
9. Ne2 Ngf6 10. Ng3 c5 11. c3 O-O 12. O-O bxc3 13. bxc3 Qa5 14. Bd2 Qc7 15. Qc1
c4 16. Bc2 e5 17. Bh6 Ne8 18. Bxg7 Nxg7 19. Qh6 f6 20. a5 Bc6 21. h4 Rab8 22.
d5 Bb5 23. Nh2 Nc5 24. f4 Nd3 25. Bxd3 cxd3 26. f5 gxf5 27. Nxf5  1/2-1/2

[Event "Marienbad Open 2022 - B3 IM Round Robin"]
[Site "Continental hotel, Marianske Lazne"]
[Date "2022.01.18"]
[Round "5"]
[Board "3"]
[White "Pourquet, Matthieu"]
[Black "Mica, Marek"]
[Result "0-1"]
[WhiteElo "2201"]
[BlackElo "2305"]
[PlyCount "58"]
[EventDate "2022.01.15"]
[EventRounds "9"]
[EventCountry "CZE"]

1. Nf3 d5 2. c4 d4 3. b4 g5 4. g3 g4 5. Nh4 e5 6. Bg2 Be7 7. d3 Bxb4+ 8. Nd2
Be7 9. Rb1 c6 10. Qa4 f5 11. h3 Bxh4 12. gxh4 Nf6 13. hxg4 Nxg4 14. Ba3 Rg8 15.
c5 Rg7 16. Nc4 Kf8 17. Nb6 axb6 18. cxb6+ Ke8 19. Qxa8 Na6 20. Rg1 Kd7 21. Kd2
e4 22. dxe4 Qxh4 23. exf5 Qxf2 24. Bxc6+ Kd8 25. Bxb7 Qe3+ 26. Ke1 Qxg1+ 27.
Kd2 Qe3+ 28. Ke1 Qc3+ 29. Kf1 Nh2+  0-1

[Event "Marienbad Open 2022 - B3 IM Round Robin"]
[Site "Continental hotel, Marianske Lazne"]
[Date "2022.01.18"]
[Round "5"]
[Board "5"]
[White "Bubalovic, Davorin"]
[Black "Schmider, Niklas"]
[Result "0-1"]
[WhiteElo "2220"]
[BlackElo "2330"]
[PlyCount "96"]
[EventDate "2022.01.15"]
[EventRounds "9"]
[EventCountry "CZE"]

1. e4 c5 2. Nf3 d6 3. d4 cxd4 4. Nxd4 Nf6 5. Nc3 a6 6. a4 e5 7. Nf3 Be7 8. Bc4
Be6 9. Qe2 O-O 10. O-O h6 11. Be3 Qc7 12. Bxe6 fxe6 13. a5 Nbd7 14. Rfd1 Qc6
15. Bc1 Rac8 16. h3 Rfe8 17. Bd2 Bf8 18. Ne1 d5 19. f3 Bd6 20. Kh1 Nf8 21. Rdc1
Ng6 22. Nd3 Nh5 23. Kh2 Qc7 24. g4 Nf6 25. Be1 Qf7 26. Bg3 h5 27. Rf1 h4 28.
Be1 Nh7 29. Rc1 Rc4 30. Bd2 Rec8 31. Qd1 Qc7 32. Ne1 Bb4 33. Kh1 Qxa5 34. Nd3
Bxc3 35. Bxc3 Qc7 36. Rf2 dxe4 37. fxe4 Ng5 38. Re2 Nxe4 39. Be1 Qc6 40. Kh2
Ng5 41. Re3 Rxc2+ 42. Rxc2 Qxc2+ 43. Qxc2 Rxc2+ 44. Kh1 e4 45. Nf2 Nf3 46. Kg2
Nxe1+ 47. Rxe1 Nf4+ 48. Kf1 Rxf2+  0-1

[Event "Marienbad Open 2022 - B3 IM Round Robin"]
[Site "Continental hotel, Marianske Lazne"]
[Date "2022.01.19"]
[Round "6"]
[Board "1"]
[White "Jasny, Stanislav"]
[Black "Schmider, Niklas"]
[Result "1/2-1/2"]
[WhiteElo "2299"]
[BlackElo "2330"]
[PlyCount "25"]
[EventDate "2022.01.15"]
[EventRounds "9"]
[EventCountry "CZE"]

1. Nf3 d5 2. e3 Nf6 3. c4 e6 4. d4 Be7 5. Bd3 O-O 6. Nbd2 c5 7. b3 cxd4 8. exd4
b6 9. O-O Bb7 10. Qe2 Nc6 11. Bb2 Nh5 12. Qe3 g6 13. Rac1  1/2-1/2

[Event "Marienbad Open 2022 - B3 IM Round Robin"]
[Site "Continental hotel, Marianske Lazne"]
[Date "2022.01.19"]
[Round "6"]
[Board "2"]
[White "Kantorik, Marian"]
[Black "Bubalovic, Davorin"]
[Result "1-0"]
[WhiteElo "2209"]
[BlackElo "2220"]
[PlyCount "119"]
[EventDate "2022.01.15"]
[EventRounds "9"]
[EventCountry "CZE"]

1. d4 Nf6 2. c4 g6 3. Nc3 Bg7 4. e4 d6 5. f3 O-O 6. Be3 c6 7. Nge2 Nbd7 8. Qd2
a6 9. Nc1 b5 10. Be2 bxc4 11. Bxc4 d5 12. Be2 e5 13. exd5 Nxd5 14. Nxd5 cxd5
15. O-O exd4 16. Bxd4 Bb7 17. Bxg7 Kxg7 18. Nb3 Re8 19. Qd4+ Qf6 20. Qxf6+ Kxf6
21. Kf2 Rac8 22. Rac1 Rxc1 23. Rxc1 Rc8 24. Rxc8 Bxc8 25. Ke3 Ke5 26. f4+ Kd6
27. Kd4 f6 28. Bf3 Bb7 29. Na5 Ba8 30. Nc4+ dxc4 31. Bxa8 Nb6 32. Bb7 a5 33.
Ba6 Na4 34. Kxc4 Nxb2+ 35. Kb5 Nd3 36. g3 Nb4 37. a4 g5 38. Kxa5 Kc5 39. Bb7
gxf4 40. gxf4 f5 41. Bc8 h6 42. Bxf5 Nd5 43. Ka6 Nxf4 44. a5 Nd5 45. Kb7 Nb4
46. Bd7 Kd6 47. Bb5 Kc5 48. Bf1 Kd6 49. Be2 Kc5 50. Kc7 Nd5+ 51. Kd7 Nf4 52.
Bf1 h5 53. Ke7 Nd5+ 54. Kf7 h4 55. Kg6 Nc7 56. Kh5 h3 57. Kh4 Kb4 58. a6 Nxa6
59. Bxa6 Kc5 60. Kg5  1-0

[Event "Marienbad Open 2022 - B3 IM Round Robin"]
[Site "Continental hotel, Marianske Lazne"]
[Date "2022.01.19"]
[Round "6"]
[Board "3"]
[White "Mica, Marek"]
[Black "Mannion, Stephen R"]
[Result "1/2-1/2"]
[WhiteElo "2305"]
[BlackElo "2271"]
[PlyCount "49"]
[EventDate "2022.01.15"]
[EventRounds "9"]
[EventCountry "CZE"]

1. c4 e5 2. Nc3 Bb4 3. Nd5 Bc5 4. e3 Nf6 5. b4 Be7 6. Bb2 c6 7. Nxe7 Qxe7 8.
Qb3 O-O 9. d4 exd4 10. Bxd4 d6 11. Nf3 c5 12. Bb2 Nc6 13. b5 Ne5 14. Be2 b6 15.
O-O Bb7 16. Nxe5 dxe5 17. f3 Rfd8 18. Rfd1 Ne8 19. a4 f6 20. a5 Rxd1+ 21. Rxd1
Rd8 22. Ra1 Bc8 23. axb6 axb6 24. Bc3 Nd6 25. Kf2  1/2-1/2

[Event "Marienbad Open 2022 - B3 IM Round Robin"]
[Site "Continental hotel, Marianske Lazne"]
[Date "2022.01.19"]
[Round "6"]
[Board "4"]
[White "Dev, Shah"]
[Black "Pourquet, Matthieu"]
[Result "0-1"]
[WhiteElo "2248"]
[BlackElo "2201"]
[PlyCount "84"]
[EventDate "2022.01.15"]
[EventRounds "9"]
[EventCountry "CZE"]

1. d4 Nf6 2. c4 e6 3. Nf3 a6 4. Nc3 d5 5. cxd5 exd5 6. Bg5 Be6 7. e3 Nbd7 8.
Bd3 h6 9. Bh4 g5 10. Bg3 Nh5 11. Be5 Nhf6 12. h3 Nxe5 13. Nxe5 Nd7 14. O-O Bd6
15. f4 gxf4 16. exf4 Qh4 17. Qf3 O-O-O 18. Ne2 Rhg8 19. Kh1 f5 20. Kh2 Nf6 21.
g3 Qh5 22. Qxh5 Nxh5 23. Rf2 Rg7 24. Rg1 Nf6 25. Nc3 Rdg8 26. Nd1 Ne4 27. Bxe4
dxe4 28. Ne3 h5 29. Rfg2 Kd8 30. Rc1 c6 31. b3 Ke7 32. Rcc2 Kf6 33. Rcf2 Bb4
34. Rc2 Rd8 35. Rc1 Rxd4 36. Nc2 c5 37. a3 Bc3 38. Ne3 Bd2 39. Rxc5 Bxe3 40.
Rc3 Bd2 41. Rc2 Ba5 42. b4 Bc7  0-1

[Event "Marienbad Open 2022 - B3 IM Round Robin"]
[Site "Continental hotel, Marianske Lazne"]
[Date "2022.01.19"]
[Round "6"]
[Board "5"]
[White "Krawczyk, Flawian"]
[Black "Hollan, Martin"]
[Result "1-0"]
[WhiteElo "2161"]
[BlackElo "2362"]
[PlyCount "71"]
[EventDate "2022.01.15"]
[EventRounds "9"]
[EventCountry "CZE"]

1. d4 Nf6 2. c4 e6 3. Nf3 b6 4. g3 Ba6 5. b3 d5 6. Bg2 dxc4 7. Ne5 Bb4+ 8. Bd2
cxb3 9. axb3 Bxd2+ 10. Qxd2 Nd5 11. O-O O-O 12. Rc1 Bb7 13. Nc3 c6 14. e4 Ne7
15. Nc4 a5 16. e5 Nf5 17. Rd1 Na6 18. Ne4 Ra7 19. Ned6 Nxd6 20. Nxd6 Ba8 21. f4
Rd7 22. f5 Rxd6 23. exd6 Qxd6 24. f6 e5 25. dxe5 Qxe5 26. fxg7 Qxg7 27. Rac1
Nc5 28. Qe3 f5 29. Rd4 Qf7 30. Rcd1 Qe6 31. Qf4 Qe7 32. Rd6 Nxb3 33. Rd7 Qe6
34. Rd8 Bb7 35. Qg5+ Qg6 36. Qe7  1-0

[Event "Marienbad Open 2022 - B3 IM Round Robin"]
[Site "Continental hotel, Marianske Lazne"]
[Date "2022.01.20"]
[Round "7"]
[Board "1"]
[White "Hollan, Martin"]
[Black "Jasny, Stanislav"]
[Result "1-0"]
[WhiteElo "2362"]
[BlackElo "2299"]
[PlyCount "113"]
[EventDate "2022.01.15"]
[EventRounds "9"]
[EventCountry "CZE"]

1. e4 c5 2. Nf3 e6 3. Be2 Nc6 4. Nc3 a6 5. d4 cxd4 6. Nxd4 Qc7 7. Be3 Nf6 8.
O-O Be7 9. f4 d6 10. Kh1 O-O 11. Qe1 Nxd4 12. Bxd4 b5 13. a3 Nd7 14. Bd3 Bb7
15. Qg3 Bf6 16. Bxf6 Nxf6 17. Rae1 Rae8 18. e5 Nh5 19. Qh3 g6 20. Be2 Ng7 21.
exd6 Qxd6 22. Bf3 Bxf3 23. Qxf3 f5 24. Rd1 Qc7 25. Qd3 Rd8 26. Qe3 Rxd1 27.
Rxd1 Rd8 28. Rxd8+ Qxd8 29. Kg1 Qd6 30. Kf1 Kf7 31. Ke1 Nh5 32. Ne2 Nf6 33.
Qa7+ Kg8 34. Qd4 Qxd4 35. Nxd4 Kf7 36. Kd2 Nd5 37. g3 Kf6 38. Nf3 h6 39. b3 g5
40. c4 bxc4 41. bxc4 Nb6 42. Ne5 gxf4 43. gxf4 Na4 44. Kd3 Nc5+ 45. Kd4 Nb3+
46. Kc3 Nc1 47. Kb4 Ne2 48. Nd3 Ke7 49. Kc5 h5 50. Kb6 e5 51. fxe5 f4 52. c5 f3
53. c6 Nc3 54. Kxa6 Ne4 55. c7 Nc5+ 56. Kb6 Nd7+ 57. Ka7  1-0

[Event "Marienbad Open 2022 - B3 IM Round Robin"]
[Site "Continental hotel, Marianske Lazne"]
[Date "2022.01.20"]
[Round "7"]
[Board "2"]
[White "Pourquet, Matthieu"]
[Black "Krawczyk, Flawian"]
[Result "1/2-1/2"]
[WhiteElo "2201"]
[BlackElo "2161"]
[PlyCount "80"]
[EventDate "2022.01.15"]
[EventRounds "9"]
[EventCountry "CZE"]

1. d4 Nf6 2. c4 c5 3. d5 b5 4. cxb5 a6 5. bxa6 g6 6. Nc3 Bg7 7. e4 O-O 8. a7
Rxa7 9. Nf3 e6 10. Be2 exd5 11. exd5 d6 12. O-O Na6 13. Nb5 Rd7 14. Bc4 Bb7 15.
Bg5 Qa8 16. Bxf6 Bxf6 17. Qd2 Nc7 18. Nxc7 Rxc7 19. Qf4 Be7 20. Rfd1 Rb8 21. b3
Bf8 22. h4 Ba6 23. Nd2 Ra7 24. Ne4 f5 25. Nf6+ Kg7 26. Bxa6 Kxf6 27. Bc4 Re8
28. a4 Re4 29. Qg3 Kf7 30. Re1 Rae7 31. Rxe4 Rxe4 32. a5 Bg7 33. Rf1 Be5 34.
Qf3 Qxa5 35. h5 Qc3 36. Qxc3 Bxc3 37. hxg6+ hxg6 38. Rc1 Bd4 39. g3 Ke7 40. Kg2
Bg7  1/2-1/2

[Event "Marienbad Open 2022 - B3 IM Round Robin"]
[Site "Continental hotel, Marianske Lazne"]
[Date "2022.01.20"]
[Round "7"]
[Board "3"]
[White "Mannion, Stephen R"]
[Black "Dev, Shah"]
[Result "1-0"]
[WhiteElo "2271"]
[BlackElo "2248"]
[PlyCount "79"]
[EventDate "2022.01.15"]
[EventRounds "9"]
[EventCountry "CZE"]

1. e4 e5 2. Nf3 Nc6 3. Bb5 a6 4. Ba4 Nf6 5. O-O b5 6. Bb3 Bc5 7. c3 d6 8. d4
Bb6 9. Be3 O-O 10. Nbd2 h6 11. h3 Re8 12. Bc2 exd4 13. cxd4 Nb4 14. Bb1 c5 15.
d5 a5 16. Re1 a4 17. a3 Na6 18. Bc2 Ra7 19. Rc1 Rae7 20. Bb1 c4 21. Bxb6 Qxb6
22. Rc3 Nc5 23. Rce3 Ba6 24. Nh4 g6 25. Qf3 Ncd7 26. Qg3 Nh5 27. Qh2 Ndf6 28.
g4 Ng7 29. Qf4 Nh7 30. Qxh6 Qd4 31. Rc3 Qf6 32. Nhf3 Rb7 33. e5 dxe5 34. Ne4
Qf4 35. Nfg5 Nxg5 36. Nxg5 e4 37. d6 Qxd6 38. Qh7+ Kf8 39. Qh8+ Ke7 40. Qxg7
 1-0

[Event "Marienbad Open 2022 - B3 IM Round Robin"]
[Site "Continental hotel, Marianske Lazne"]
[Date "2022.01.20"]
[Round "7"]
[Board "4"]
[White "Bubalovic, Davorin"]
[Black "Mica, Marek"]
[Result "1-0"]
[WhiteElo "2220"]
[BlackElo "2305"]
[PlyCount "117"]
[EventDate "2022.01.15"]
[EventRounds "9"]
[EventCountry "CZE"]

1. e4 c6 2. d4 d5 3. Nc3 dxe4 4. Nxe4 Bf5 5. Ng3 Bg6 6. Nf3 Nd7 7. Bd3 Ngf6 8.
O-O e6 9. b3 Qc7 10. Bb2 Bd6 11. c4 O-O 12. Bxg6 hxg6 13. Qe2 Rfe8 14. Ne5 Rad8
15. c5 Be7 16. Rac1 Nf8 17. Qf3 N8d7 18. Rfe1 Rf8 19. a3 Nh7 20. Qe3 Nxe5 21.
dxe5 Bg5 22. f4 Bh4 23. Red1 Bxg3 24. Qxg3 Rd5 25. Rxd5 exd5 26. e6 fxe6 27.
Qxg6 Qf7 28. Qxf7+ Kxf7 29. g4 Nf6 30. h3 Ne4 31. Rc2 Rc8 32. Bd4 Kg6 33. Kg2
Rh8 34. b4 Rf8 35. Be5 Ra8 36. a4 a6 37. h4 Kh6 38. h5 Kh7 39. Kh3 Rc8 40. g5
Rf8 41. Kg4 Rf5 42. Bd4 Rf8 43. Rb2 Ra8 44. h6 g6 45. b5 cxb5 46. axb5 a5 47.
c6 b6 48. Bxb6 a4 49. Bd4 a3 50. Ra2 e5 51. Bxe5 d4 52. Bxd4 Nd6 53. b6 Nf5 54.
b7 Rd8 55. Bf2 Re8 56. c7 Ne3+ 57. Kf3 Nc4 58. c8=Q Ne5+ 59. Kg2  1-0

[Event "Marienbad Open 2022 - B3 IM Round Robin"]
[Site "Continental hotel, Marianske Lazne"]
[Date "2022.01.20"]
[Round "7"]
[Board "5"]
[White "Schmider, Niklas"]
[Black "Kantorik, Marian"]
[Result "1-0"]
[WhiteElo "2330"]
[BlackElo "2209"]
[PlyCount "101"]
[EventDate "2022.01.15"]
[EventRounds "9"]
[EventCountry "CZE"]

1. e4 Nc6 2. Nf3 d6 3. d4 Nf6 4. Nc3 Bg4 5. Be3 g6 6. h3 Bxf3 7. Qxf3 Bg7 8.
O-O-O e5 9. dxe5 Nxe5 10. Qe2 O-O 11. g4 Nc6 12. h4 Re8 13. f3 Nd7 14. Bg5 Qc8
15. h5 h6 16. Bd2 g5 17. f4 f6 18. Qf2 Nb6 19. Nd5 Rf8 20. Bd3 Qd7 21. Ne3 Ne7
22. Rhf1 Rae8 23. Kb1 Kh8 24. Qe2 a6 25. Qg2 Qc8 26. Bc1 Nd7 27. c3 b5 28. Bc2
Nc5 29. Rde1 Ne6 30. e5 Nxf4 31. Qe4 f5 32. gxf5 d5 33. Nxd5 Nexd5 34. Bxf4 Nf6
35. Qf3 gxf4 36. exf6 Rxe1+ 37. Rxe1 Rxf6 38. Qxf4 Qd8 39. a3 Qd7 40. Qe4 Bf8
41. Rg1 Qe7 42. Qg4 Bg7 43. Bb3 c5 44. Be6 Rf8 45. Qe4 a5 46. Rg6 b4 47. Qe3
Rf6 48. Rxf6 Qxf6 49. Qxc5 bxc3 50. Qc8+ Qf8 51. f6  1-0